|
LDR
| 01499nam a2200397 i 4500 |
|---|
| 001 | 53564 |
|---|
| 003 | CZ-PrJAB |
|---|
| 005 | 20230907093229.0 |
|---|
| 007 | ta |
|---|
| 008 | 000204s1936 xr g 000 0 cze |
|---|
| 015 | | . |
‡acnb000796850 |
|---|
| 020 | | . |
‡q(Brožováno) |
|---|
| 035 | | . |
‡a(CZ PrNK)bk193604758 |
|---|
| 035 | | . |
‡a(OCoLC)85551369 |
|---|
| 040 | | . |
‡aABA001
‡bcze
‡cBOA001
‡dABA001
‡erda |
|---|
| 072 | | 7. |
‡a27
‡xKřesťanství. Křesťanská církev všeobecně. Eklesiologie
‡2Konspekt
‡95 |
|---|
| 080 | | . |
‡a27(091)
‡2MRF |
|---|
| 080 | | . |
‡a27-9
‡2MRF |
|---|
| 082 | 1 | 4. |
‡a270 |
|---|
| 100 | 1 | . |
‡aŘíčan, Rudolf,
‡d1899-1975
‡7jk01110152
‡4aut |
|---|
| 245 | 1 | 0. |
‡aKapitoly z církevních dějin.
‡nŘada I.,
‡pK červánkům reformace /
‡cRud. Říčan |
|---|
| 246 | 3 | 0. |
‡aK červánkům reformace |
|---|
| 264 | | 1. |
‡aPraha :
‡bSvaz SČME YMCA,
‡c1936 |
|---|
| 300 | | . |
‡a153 stran ;
‡c19 cm |
|---|
| 336 | | . |
‡atext
‡btxt
‡2rdacontent |
|---|
| 337 | | . |
‡abez média
‡bn
‡2rdamedia |
|---|
| 338 | | . |
‡asvazek
‡bnc
‡2rdacarrier |
|---|
| 490 | 1 | . |
‡aKnihovna Bratrstva ;
‡v9. svazek |
|---|
| 650 | 0 | 7. |
‡adějiny křesťanství
‡7ph492508
‡2czenas |
|---|
| 650 | 0 | 7. |
‡acírkevní dějiny
‡7ph114283
‡2czenas |
|---|
| 655 | | 7. |
‡apopulárně-naučné publikace
‡7fd131864
‡2czenas |
|---|
| 830 | | 0. |
‡aKnihovna Bratrstva (Svaz SČME YMCA) |
|---|
| 856 | 4 | 1. |
‡uhttp://krameriusndk.nkp.cz/search/handle/uuid:95657c90-0a02-11ea-a20e-005056827e51
‡yDigitalizovaný dokument |
|---|
| 910 | | . |
‡aABG450 |
|---|
| 995 | | . |
‡aska |
|---|
| 990 | | . |
‡aBK |
|---|
| 901 | | . |
‡a53564
‡bAUTOGEN
‡c53564
‡tbiblio |
|---|